LEADER 02150oas 2200757 a 450 001 9910142260803321 005 20260312213014.0 011 $a1938-4920 035 $a(OCoLC)136972587 035 $a(CONSER) 2007214973 035 $a(CKB)1000000000322161 035 $a(EXLCZ)991000000000322161 100 $a20070525a20079999 sy a 101 0 $aeng 135 $aurcnu|||||||| 181 $ctxt$2rdacontent 182 $cc$2rdamedia 183 $acr$2rdacarrier 200 14$aThe journal of hospital ethics 210 $aWashington, DC $cJohn J. Lynch, MD Center for Ethics at MedStar Washington Hospital Center 215 $aOnline resource 311 08$a1938-4955 606 $aMedical ethics$vPeriodicals 606 $aHospitals$xMoral and ethical aspects$vPeriodicals 606 $aHospitals$xethics 606 $aBioethics 606 $aBioethical Issues 606 $aE?thique me?dicale$vPe?riodiques 606 $aBioe?thique 606 $aSoins hospitaliers$xAspect moral$vPe?riodiques 606 $aHospitals$xMoral and ethical aspects$2fast$3(OCoLC)fst00961416 606 $aMedical ethics$2fast$3(OCoLC)fst01014081 608 $aPeriodical. 608 $aPeriodicals.$2fast 615 0$aMedical ethics 615 0$aHospitals$xMoral and ethical aspects 615 12$aHospitals$xethics. 615 22$aBioethics. 615 22$aBioethical Issues. 615 6$aE?thique me?dicale 615 6$aBioe?thique. 615 6$aSoins hospitaliers$xAspect moral 615 7$aHospitals$xMoral and ethical aspects. 615 7$aMedical ethics. 676 $a174 712 02$aWashington Hospital Center.$bCenter for Ethics, 801 0$bNSD 801 1$bNSD 801 2$bNSD 801 2$bOCLCQ 801 2$bOCLCO 801 2$bOCLCQ 801 2$bVT2 801 2$bOCLCF 801 2$bOCLCO 801 2$bOCLCA 801 2$bLUU 801 2$bOCLCQ 801 2$bOCLCL 801 2$bSFB 801 2$bOCLCQ 801 2$bDLC 906 $aJOURNAL 912 $a9910142260803321 996 $aThe journal of hospital ethics$92565307 997 $aUNINA